| 000 | 00754cab a2200277 4500 | ||
|---|---|---|---|
| 001 | ABS50540 | ||
| 008 | 090401t1994 xxu||||| |||| 00| 0 eng d | ||
| 035 | _a(Sirsi) u76386 | ||
| 041 | _aeng | ||
| 100 | _aFrench, N. | ||
| 245 | _aShort leasehold valuations | ||
| 260 | _c1994 | ||
| 350 | _a0 | ||
| 490 |
_aValuer (ISVA) _v63(3) April 1994, 23-24(2) |
||
| 520 | _aLast in a series on valuation techniques focuses on short leasehold valuations. | ||
| 650 | _aDCF | ||
| 650 | _aDUAL RATE METHOD | ||
| 650 | _aGEARED GROWTH | ||
| 650 | _aLEASEHOLD VALUATIONS | ||
| 650 | _aRENT REVIEWS | ||
| 650 | _aSHORT LEASEHOLD VALUATIONS | ||
| 650 | _aVALUATION TECHNIQUES | ||
| 690 | _aRATING AND VALUATION | ||
| 942 | _n0 | ||
| 948 | _c04/03/1997 | ||
| 999 |
_c48053 _d48053 |
||